Państwa z największa ilością osób urodzonych przed 1 wojną światową - Statystyki

Ogólne statystyki
  • Ten quiz został rozwiązany 74 razy
  • Średni wynik to 16 z 24
Statystyki odpowiedzi
# Liczba Państwo % Poprawnych
5 12 Niemcy
100%
9 2 Rosja
92%
4 16 Wielka Brytania
92%
6 4 Polska
91%
1 36 Francja
89%
3 19 Hiszpania
86%
14 1 Szwecja
86%
2 30 Włochy
86%
9 2 Austria
81%
6 4 Portugalia
80%
14 1 Rumunia
73%
8 3 Szwajcaria
73%
14 1 Węgry
73%
14 1 Bułgaria
69%
14 1 Dania
69%
14 1 Finlandia
69%
14 1 Ukraina
66%
14 1 Łotwa
59%
14 1 Albania
48%
14 1 Słowenia
47%
14 1 Bośnia i Hercegowina
42%
9 2 Kosowo
38%
9 2 Malta
20%
9 2 Niderlandy
3%
Nie znaleziono quizów pasujących do podanych kryteriów
Rozkład punktacji
Procent ludzi z każdym wynikiem
Percentyl według liczby udzielonych odpowiedzi
Twoja historia wyników
Nie rozwiązałeś tego quizu